ბათუმის შოთა რუსთაველის სახელმწიფო უნივერსიტეტის ბიბლიოთეკა

Уравнения в частных производных математической физики. (ბიბ.ჩანაწერი № 39072)

000 -LEADER
fixed length control field 00809nam a2200205Ia 4500
001 - CONTROL NUMBER
control field 5627
003 - CONTROL NUMBER IDENTIFIER
control field GE_BSU
008 - FIXED-LENGTH DATA ELEMENTS--GENERAL INFORMATION
fixed length control field 181216s||||||||xx |||||||||||||| ||und||
040 ## - CATALOGING SOURCE
Transcribing agency GE_BSU
080 ## - UNIVERSAL DECIMAL CLASSIFICATION NUMBER
Universal Decimal Classification number 517.91(075.8)+530.1(075.8)
100 ## - MAIN ENTRY--PERSONAL NAME
Personal name Кошляков Н.С. Глинер Э.Б. Смирнов М.М.
245 ## - TITLE STATEMENT
Title Уравнения в частных производных математической физики.
245 ## - TITLE STATEMENT
Remainder of title Учеб. пособие для студ. механико-матем. и физических фак-ов ун-тов.
260 ## - PUBLICATION, DISTRIBUTION, ETC.
Place of publication, distribution, etc. Москва
260 ## - PUBLICATION, DISTRIBUTION, ETC.
Name of publisher, distributor, etc. Высшая школа
260 ## - PUBLICATION, DISTRIBUTION, ETC.
Date of publication, distribution, etc. 1970
300 ## - PHYSICAL DESCRIPTION
Extent 710 с. 22 см.
653 ## - INDEX TERM--UNCONTROLLED
Uncontrolled term Уравнения в частных производных математической физики.
942 ## - ADDED ENTRY ELEMENTS (KOHA)
Koha item type წიგნი

არაა ხელმისაწვდომი ეგზემპლარები.